医学部を設置している大学・大学校 - Statistics

General Stats
  • This quiz has been taken 903 times
  • The average score is 54 of 82
Answer Stats
Hint Answer % Correct
国立大学 東京大学
98%
国立大学 北海道大学
96%
国立大学 大阪大学
95%
国立大学 京都大学
94%
国立大学 東北大学
92%
国立大学 名古屋大学
92%
国立大学 千葉大学
91%
国立大学 九州大学
91%
国立大学 秋田大学
90%
国立大学 金沢大学
90%
国立大学 広島大学
90%
国立大学 神戸大学
89%
国立大学 長崎大学
89%
国立大学 鹿児島大学
89%
国立大学 新潟大学
88%
国立大学 岡山大学
88%
国立大学 佐賀大学
88%
国立大学 熊本大学
88%
国立大学 宮崎大学
88%
国立大学 山形大学
87%
国立大学 富山大学
87%
国立大学 岐阜大学
87%
国立大学 島根大学
87%
国立大学 高知大学
87%
国立大学 福井大学
86%
国立大学 鳥取大学
86%
国立大学 山口大学
86%
国立大学 徳島大学
86%
国立大学 愛媛大学
86%
国立大学 大分大学
86%
国立大学 琉球大学
86%
国立大学 信州大学
85%
国立大学 三重大学
85%
国立大学 香川大学
85%
国立大学 弘前大学
84%
国立大学 群馬大学
84%
国立大学 筑波大学
82%
国立大学 東京科学大学
82%
国立大学 山梨大学
81%
私立大学 慶應義塾大学
80%
私立大学 東京医科大学
72%
私立大学 日本大学
72%
国立大学 旭川医科大学
69%
国立大学 浜松医科大学
68%
私立大学 順天堂大学
64%
私立大学 福岡大学
64%
国立大学 滋賀医科大学
61%
公立大学 大阪公立大学
61%
私立大学 川崎医科大学
60%
公立大学 横浜市立大学
59%
私立大学 帝京大学
57%
大学校 防衛医科大学校
56%
私立大学 自治医科大学
52%
私立大学 岩手医科大学
50%
公立大学 京都府立医科大学
48%
私立大学 日本医科大学
47%
私立大学 大阪医科大学
47%
公立大学 奈良県立医科大学
46%
私立大学 東海大学
45%
公立大学 名古屋市立大学
41%
公立大学 札幌医科大学
40%
公立大学 福島県立医科大学
40%
私立大学 埼玉医科大学
40%
私立大学 近畿大学
38%
私立大学 東京女子医科大学
37%
私立大学 愛知医科大学
37%
公立大学 和歌山県立医科大学
36%
私立大学 藤田医科大学
36%
私立大学 昭和大学
34%
私立大学 聖マリアンナ医科大学
34%
私立大学 東京慈恵会医科大学
33%
私立大学 北里大学
33%
私立大学 金沢医科大学
32%
私立大学 兵庫医科大学
32%
私立大学 久留米大学
31%
私立大学 東北医科薬科大学
30%
私立大学 国際医療福祉大学
30%
私立大学 杏林大学
29%
私立大学 獨協医科大学
28%
私立大学 関西医科大学
28%
私立大学 東邦大学
25%
私立大学 産業医科大学
22%
No matching quizzes found
Score Distribution
Percent of People with Each Score
Percentile by Number Answered
Your Score History
You have not taken this quiz